000 00617nam a2200181 i 4500
001 32198
003 ES-MaACL
005 20251004063055.0
007 t|
008 030130s1878 fr ||||1| fre d
100 1 _aBergerat, Emile,
_d1845-1923
_927974
245 1 4 _aLes Chefs-d'oeuvre d'art á l'exposition universelle 1878 /
_csous la direction de M.E. Bergerat.
260 _aParís :
_bBaschet,
_c1878 (
_fBernard)
300 _a2 v. (166, 207 p.) , 39 lám. :
_bil. ;
_c45 cm.
711 2 _aExposition Universelle (
_d1878.
_cParis)
_9135143
852 _aES-MaACL
_jC-2195-96
999 _c32198
_d32198